000 01592nam a2200421 a 4500
008 230412e2000 ag ||||f |||| 001 0 spa d
020 _a9562781070
041 _aspa
092 _c618.92
_l28
_sGEN
100 1 _aGentile Ramos, Irma
_94195
245 _aSemiología pediátrica /
_cIrma Gentile Ramos
250 _a2a ed.
260 _aSantiago (Chile):
_bMcGraw-Hill Interamericana;
_c2000.
300 _a380 p.
500 _aGentile Ramos, I. (2000). Semiología pediátrica. (2a ed.). Santiago (Chile) : MacGraw-Hill Interamericana.
653 _aSemiología pediátrica
653 3 _aEl niño y su entorno
653 _aEvaluación de medio socioeconómico, educacional y cultural
653 _aExploración del crecimiento somático
653 _aExploración del desarrollo psíquico
653 _aNutrición del lactante
653 _aDesequilibrios hidroelectrolíticos y estado ácido-base
653 _aAparato respiratorio
653 _aAlergia y asma bronquial
653 _aSemiología cardiovascular
653 _aExploración de boca y garganta
653 _aExploración del abdomen
653 _aExploración esófago, estómago e intestinos
653 _aExploración higado y vías biliares
653 _aMedicina nuclear en gastroenterología
653 _aExploración aparato urinario
653 _aExploración órganos hemocitopoyéticos
653 _aExploración sistema endócrino
653 _aSemiología neurológica
653 _aExploración de la piel
653 3 _aEl laboratorio y el diagnóstico
942 _2ddc
_cBK
999 _c3162
_d3162